Pokémon - Maître de la Ligue - Cynthia (D/P/Pt) - Statistiques

Statistiques générales
  • Ce quiz a été pris 67 fois
  • Le résultat moyen est 85 sur 122
Statistiques - réponses
Hint Réponse % Correct
Type Spectre
95%
| Spiritomb
95%
| Carchacrok
93%
Type Combat
93%
Type Eau
93%
| Milobellus
93%
Type Sol
93%
Type Ténèbres
93%
Type Acier
90%
Type Dragon
90%
Type Plante
90%
Type Poison
90%
| Roserade
90%
Niv 66
88%
| Lucario
88%
Niv 60
85%
Niv 61
85%
Niv 62
85%
Niv 63
85%
Capacité (Revanche, remplace 2) | Capacités Séisme
85%
Type Vol
85%
Type Normal
83%
Niv 58
80%
Capacités Laser Glace
80%
Tritosor
80%
Capacité (Revanche, remplace 4) | Capacités Dracochoc
78%
Capacité (Revanche, remplace 1) | Capacité (Revanche, remplace 2) | Capacités Psyko
78%
Capacités Surf
78%
Togekiss
78%
Niv (Revanche) 74
76%
Niv (Revanche) 78
76%
Capacités Aurasphère
76%
Capacité (Revanche, remplace 4) | Capacités Ball'Ombre
76%
Capacités Bomb-Beurk
76%
Niv (Revanche) 76
73%
Capacités Dracocharge
68%
Capacités Vibrobscur
68%
Capacités Lame d'Air
63%
Capacités Lame de Roc
63%
Talent Pression
61%
Capacités Ocroupi
51%
Capacité (Revanche, remplace 4) | Capacités Anneau Hydro
49%
Objet Baie Sitrus
49%
Capacité (Revanche, remplace 4) | Capacités Casse-Brique
46%
Capacités Éco-Sphère
46%
Capacités Giga Impact
46%
Capacités Toxik
46%
Capacités Voile Miroir
44%
Capacités Extrasenseur
41%
Capacités Lance-Flammes
41%
Capacités Vibraqua
39%
Capacités Vit. Extrême
37%
Talent Voile Sable
32%
Talent Médic Nature
27%
Capacités Vent Argenté
27%
Capacité (Revanche, remplace 2) Vent Mauvais
27%
Capacités Embargo
24%
Talent Impassible
24%
Talent Écaille Spé.
22%
Talent Glue
22%
Talent Agitation
17%
Capacités Onde de Choc
17%
Aucun quiz correspondant
Distribution des résultats
% des personnes avec chaque résultat
Percentile par nombre de réponses
Votre historique - résultats
Vous n’avez pas pris ce quiz